ბათუმის შოთა რუსთაველის სახელმწიფო უნივერსიტეტის ბიბლიოთეკა

თბოტექნიკის თეორიული საფუძვლები : (ბიბ.ჩანაწერი № 44437)

000 -ლიდერი
ფიქსირებული სიგრძის საკონტროლო ველი 01034nam a2200205Ia 4500
001 - საკონტროლო ნომერი
საკონტროლო ველი 11206
003 - საკონტროლო ნომრის იდენტიფიკატორი
საკონტროლო ველი GE_BSU
005 - ბოლო ოპერაციის თარიღი და დრო
საკონტროლო ველი 20260427131925.0
008 - ფიქსირებული სიგრძის მონაცემთა ელემენტები - ზოგადი ინფორმაცია
ფიქსირებული სიგრძის საკონტროლო ველი 181216s1966||||ge |||||||||||||| ||geo||
040 ## - კატალოგიზაციის წყარო
Transcribing agency GE_BSU
041 ## - ენის კოდი
Language code of text/sound track or separate title geo
080 ## - უნივერსალური ათობითი კლასიფიკაციის ინდექსი
Universal Decimal Classification number 621.1(075.8) ლ-81
100 ## - მთავარი ჩანაწერი - პიროვნების სახელი
Personal name ლომინაძე, შ.
9 (RLIN) 22
245 ## - ცნობა სათაურის შესახებ
Title თბოტექნიკის თეორიული საფუძვლები :
Remainder of title [სახელმძღვ. საქ. სას-სამ. ინ-ტის საინჟინრო ფაკ-ტების სტუდენტებისათვის] /
Statement of responsibility, etc შალვა ლომინაძე; მეცნ. რედ: ი. ტურაშვილი.
264 ## - წარმოების, გამოცემის, დისტრიბუციის და სხვა ცნობები
გამოცემის, წარმოების, დისტრიბუციის... ადგილი თბილისი:
გამოცემის, წარმოების, დისტრიბუციის... სახელწოდება განათლება,
გამოცემის, წარმოების, დისტრიბუციის... თარიღი 1966.
300 ## - ფიზიკური აღწერა
Extent 387 გვ.;
Other physical details 22 სმ.
653 ## - INDEX TERM--UNCONTROLLED
Uncontrolled term თბოტექნიკის თეორიული საფუძვლები
700 ## - ADDED ENTRY--PERSONAL NAME
Personal name ტურაშვილი, ი.
Relator term რედაქტორი
9 (RLIN) 27381
942 ## - ADDED ENTRY ELEMENTS (KOHA)
Koha item type წიგნი
Source of classification or shelving scheme
ეგზემპლარები
ჩამოწერის სტატუსი დაკარგული ეგზემპლარის სტატუსი კლასიფიკაციის წყარო ან თაროზე გაწყობის სქემა დაზიანების სტატუსი არ გაიცემა მუდმივი მდებარეობა (დაცვის ადგილი) ამჟამინდელი ადგილსამყოფელი თაროზე განთავსების ადგილი შეძენის თარიღი სრული შენახვის შიფრი შტრიხკოდი ბოლო ოპერაციის თარიღი ეგზემპლარის მიმდევრობითი ნომერი (კეტერი?) ფასის ძალაში შესვლის თარიღი ეგზემპლარის სახეობა
          აგრარული და მემბრანული ტექნოლოგიების ინსტიტუტის ბიბლიოთეკა აგრარული და მემბრანული ტექნოლოგიების ინსტიტუტის ბიბლიოთეკა წიგნსაცავი 2018-12-17 621.1(075.8) ლ-81 19574 2018-12-17 19574 2018-12-17 წიგნი